Statistics for Who Did that Pop Song #2

Click here to take the quiz!

General Stats

  • This quiz has been taken 27,196 times
  • The average score is 15 of 26

Answer Stats

YearSongBand or Artist% Correct
2016HelloAdele
92%
2013Dark HorseKaty Perry
84%
2011Moves Like JaggerMaroon 5
83%
2014All About That BassMeghan Trainor
82%
2016Cheap ThrillsSia
75%
2012StarshipsNicki Minaj
72%
2015Can't Feel My FaceThe Weeknd
71%
2011We Found LoveRihanna
70%
2016Stressed OutTwenty One Pilots
66%
2013Blurred LinesRobin Thicke
65%
2014Counting StarsOneRepublic
64%
2002ComplicatedAvril Lavigne
60%
1990U Can't Touch ThisMC Hammer
60%
2000Bye Bye ByeNSYNC
60%
1997Barbie GirlAqua
59%
2013Wake Me Up!Avicii
57%
1999All StarSmash Mouth
52%
2008LowFlo Rida
45%
1994Kiss from a RoseSeal
44%
1968A Little Less ConversationElvis Presley
38%
1996Champagne SupernovaOasis
37%
1999Wild Wild WestWill Smith
37%
2000Love Don't Cost a ThingJennifer Lopez
26%
1996Always Be My BabyMariah Carey
25%
1998The Boy is MineBrandy and Monica
23%
1990EscapadeJanet Jackson
15%

Score Distribution

Percentile by Number Answered

Percent of People with Each Score

Your Score History

You have not taken this quiz